| 000 | 00790nam a22002177a 4500 | ||
|---|---|---|---|
| 999 |
_c7398 _d7398 |
||
| 003 | AR-CdUCM | ||
| 008 | 190320b ||||| |||| 00| 0 spa d | ||
| 040 |
_aMUNICIPALIDAD PROVINCIAL DEL CUSCO _cBIBLIOTECA MUNICIPAL DEL CUSCO |
||
| 082 |
_a539.7 / _bAL45 |
||
| 100 |
_aAlonso, Marcelo _918680 |
||
| 245 | _aFisica Atomica / | ||
| 260 |
_aLa Habana : _bImprenta de la Universidad de la Habana, _c1958. |
||
| 300 |
_a4 tomos ; _bGraficos, trazos, dibujos, _c24 cm. |
||
| 505 | _aContenido: t.1. Mécanica -- t. 2. Hidromecánica. Calor -- t. 3. Acústica. Optica -- t. 4. Electromagnetismo. Física atómica. | ||
| 650 |
_aFisica _92382 |
||
| 650 |
_aTextos Preuniversitarios _920859 |
||
| 650 |
_aProblemas _99246 |
||
| 650 |
_aEjercicios _919599 |
||
| 942 |
_2ddc _cLIBROS |
||
| 945 | _apjha | ||